Allgemeinwissen-Quiz #25 - Statistiken

Allgemein
  • Dieses Quiz wurde 127 mal gespielt
  • Das Durchschnittsergebnis liegt bei 12 aus 20
Antwortstatistiken
Frage Antwort % Korrekt
Was ist die physikalische Ursache einer Fata Morgana? Lichtbrechung
99%
Welche dieser Marken ist bekannt für die Herstellung von Sammelbildern?
96%
Auf einer Schatzkarte wird der Schatz oft mit welchem Symbol markiert? X
95%
Welche Erfindung leitete das Zeitalter der Industrialisierung ein? Dampfmaschine
88%
Wie lautet die Hauptstadt von Bulgarien? Sofia
88%
Wie sieht die Nationalflagge von Botswana aus?
82%
Wer sich zu etwas überreden lässt, der lässt sich ...? breitschlagen
81%
Welches dieser Logos gehört zur portugiesischen Fussballnationalmannschaft?
77%
Erwin Rommel war ein Offizier in der Zeit des Nationalsozialismus – wie lautete sein Spitzname? Der Wüstenfuchs
74%
Welcher dieser Männer entscheidet oft das Schicksal seiner Opfer im Film "No Country for Old Men" mit einem Münzwurf?
72%
Wenn ich an einem Hallux valgus leide, zu welchem Spezialisten sollte ich gehen? Orthopäde
66%
Wie viel Volumen hat die Lunge eines erwachsenen Menschen ungefähr? 5-6 Liter
65%
Wo findet die Weltausstellung Expo 2025 statt? Osaka
44%
Welches Tier wird wissenschaftlich als Formicidae bezeichnet? Ameise
43%
Wer ist älter – Karin Keller-Sutter oder Ignazio Cassis? Ignazio Cassis
39%
Welches Instrument wird von Yo-Yo Ma gespielt? Cello
36%
Wer schrieb den Mundart-Song "Hippie-Bus"? Dodo
35%
Wer ist der Schweizer Rekordmeister der Super League? GC Zürich
26%
Welche Stadt grenzt an Liechtenstein? Buchs
19%
Wie heisst der Basketballspieler, der als Vorlage für das NBA-Logo diente? Jerry West
18%
Keine übereinstimmenden Quizze gefunden
Verteilung der Resultate
Anzahl Personen mit jedem Resultat
Perzentil nach korrekt beantworteten Fragen
Ihre Resultats-Entwicklung
Sie haben dieses Quiz noch nicht gespielt